Clubs affrontés par l'AC Milan en coupe d'Europe et internationale - Statistiques

Statistiques générales
  • Ce quiz a été pris 26 fois
  • Le résultat moyen est 49 sur 132
Statistiques - réponses
Année du premier match Clubs Nombres de matchs Bilan % Correct
2005-06 Lyon 2 1v 1n
100%
1990-91 OM 5 1v 2n 2d
100%
1955-56 Real Madrid 16 8v 3n 5d
100%
1959-60 Barcelone 19 5v 6n 8d
96%
1994-95 PSG 6 3v 2n 1d
92%
1985-86 AJ Auxerre 4 3v 1d
88%
1967-68 Bayern Munich 10 6v 3n 1d
88%
1957-58 Dortmund 8 3v 2n 3d
88%
2002-03 Inter Milan 6 2v 2n 2d
88%
2004-05 Liverpool 5 1v 1n 3d
88%
1957-58 Manchester United 12 5v 1n 6d
88%
2006-07 Lille 4 2n 2d
84%
1978-79 Manchester City 2 1n 1d
84%
2007 Séville 1 1v
84%
1965-66 Chelsea 7 1v 3n 3d
80%
2002-03 Juventus 1 1n
80%
1979-80 Porto 11 5v 4n 2d
80%
2013-14 Atlético Madrid 4 1v 3d
76%
1993-94 Anderlecht 6 3v 3n
72%
1994 Arsenal 8 2v 2n 4d
72%
1977-78 Betis 4 1v 1n 2d
68%
1973-74 Dinamo Zagreb 7 6v 1d
68%
1971-72 Tottenham 6 1v 3n 2d
68%
1968-69 Ajax 14 6v 4n 4d
64%
1993-94 AS Monaco 1 1v
64%
2023-24 AS Rome 2 2d
64%
1962-63 Benfica 6 4v 2n
64%
1995-96 Bordeaux 2 1v 1d
64%
1969-70 Feyenoord 4 1v 1n 2d
64%
2022-23 Napoli 2 1v 1n
64%
1992-93 PSV 8 4v 2n 2d
64%
2001-02 Sporting Lisbonne 2 1v 1n
64%
1975-76 Club Bruges 7 4v 1n 2d
60%
1967-68 ETO Győr 2 2n
60%
2008-09 Braga 1 1v
56%
1968-69 Celtic 12 8v 3n 1d
56%
2023-24 Newcastle 2 1v 1n
56%
1972-73 Sparta Prague 8 6v 2n
56%
2000-01 Deportivo La Corogne 6 3v 1n 2d
52%
1967-68 Hambourg 1 1v
52%
2024-25 Leverkusen 1 1d
52%
1985-86 Lokomotive Leipzig 2 1v 1d
52%
1957-58 Rangers 2 2v
52%
1976-77 Athletic Bilbao 2 1v 1d
48%
2023-24 Rennes 2 1v 1d
48%
2005-06 Schalke 2 1v 1n
48%
1988-89 Étoile Rouge 7 3v 4n
44%
1992-93 Olimpija Ljubljana 2 2v
44%
2002-03 RC Lens 2 1v 1d
44%
1988-89 Steaua Bucarest 1 1v
44%
2004-05 Chakhtar Donetsk 4 4v
40%
1962-63 Galatasaray 6 3v 1n 2d
40%
1972-73 Leeds 3 1v 1n 1d
40%
1968-69 Malmö 2 1v 1d
40%
1972-73 Spartak Moscou 4 2v 1n 1d
40%
1988-89 Werder Brême 6 2v 4n
40%
2000-01 Beşiktaş 2 2v
36%
1993 Parme 2 1v 1d
36%
1964-65 RC Strasbourg 7 4v 1n 2d
36%
2023-24 Slavia Prague 2 2v
36%
1967-68 Standard de Liège 3 1v 2n
36%
2012-13 Zénith Saint-Pétersbourg 2 1v 1d
36%
2005-06 Fenerbahçe 2 2v
32%
2001-02 Hapoël Tel-Aviv 2 1v 1d
32%
2017-18 Ludogorets 2 2v
32%
1973-74 Mönchengladbach 2 1v 1d
32%
2008-09 Zurich 4 2v 1n 1d
32%
2001-02 BATE 4 3v 1n
28%
1993-94 Copenhague 2 2v
28%
1971-72 Hertha Berlin 4 1v 1n 2d
28%
1972-73 Legia 2 1v 1n
28%
1959-60 Olympiakos 4 2v 1n 1d
28%
2011-12 Plzen 2 1v 1n
28%
2022-23 RB Salzbourg 2 1v 1n
28%
1990 Sampdoria 2 1v 1n
28%
1992-93 Slovan Bratislava 3 3v
28%
2008-09 Wolfsbourg 1 1n
28%
2017-18 Austria Vienne 2 2v
24%
1992-93 Göteborg 4 3v 1d
24%
2002-03 Lokomotiv Moscou 2 2v
24%
2012-13 Málaga 2 1n 1d
24%
1996-97 Rosenborg 2 1v 1d
24%
1994-95 AEK Athènes 6 2v 3n 1d
20%
2003 Boca Juniors 2 1v 1n
20%
2001-02 CSKA Sofia 2 2v
20%
1975-76 Everton 2 1v 1n
20%
2024-25 Girona 1 1v
20%
1967-68 Levski Sofia 6 4v 2n
20%
1955-56 Rapid Vienne 7 4v 2n 1d
20%
2017-18 Rijeka 2 1v 1d
20%
2003-04 Celta Vigo 2 1n 1d
16%
1962-63 Dundee FC 2 1v 1d
16%
1971-72 Dundee United FC 2 1v 1d
16%
1989-90 HJK Helsinki 2 2v
16%
1973-74 PAOK 2 1v 1n
16%
1963 Santos 3 1v 2d
16%
1993 São Paulo 1 1d
16%
2002-03 Slovan Liberec 2 1v 1d
16%
1989-90 Malines 2 1v 1n
12%
2017-18 Universitatea Craiova 2 2v
12%
1969-70 Avenir Beggen 2 2v
8%
1976-77 Dinamo Bucarest 2 1v 1n
8%
1987-88 Espanyol 2 1n 1d
8%
1962-63 Ipswich Town 2 1v 1d
8%
2008-09 Portsmouth 1 1n
8%
1972-73 Red Boys Differdange 2 2v
8%
2020-21 Rio Ave 1 1n
8%
2017-18 Shkëndija 2 2v
8%
1962-63 Union Luxembourg 2 2v
8%
1993-94 Aarau 2 1v 1n
4%
1976-77 Akademik Sofia 2 1v 1d
4%
1975-76 Athlone Town 2 1v 1n
4%
1994-95 Austria Salzbourg 2 2v
4%
1971-72 Digenis Akritas Morphou 2 2v
4%
2018-19 Dudelange 2 2v
4%
1969 Estudiantes 2 1v 1d
4%
2008-09 Heerenveen 1 1v
4%
1978-79 Lokomotíva Košice 2 1v 1d
4%
1961-62 Novi Sad XI 2 1n 1d
4%
2001-02 Roda JC 2 1v 1d
4%
1987-88 Sporting Gijón 2 1v 1d
4%
2007 Urawa Red 1 1v
4%
1995-96 Zagłębie Lubin 2 2v
4%
1985-86 Zulte Waregem 2 1n 1d
4%
1989 Atlético Nacional 1 1v
0%
1990 Club Olimpia 1 1v
0%
1965-66 GD CUF 3 2v 1d
0%
1963-64 IFK Norrköping 2 1v 1n
0%
1971-72 Lierse 2 1v 1n
0%
1973-74 Magdebourg 1 1d
0%
1955-56 Sarrebruck 2 1v 1d
0%
1994 Vélez Sársfield 1 1d
0%
Aucun quiz correspondant
Distribution des résultats
% des personnes avec chaque résultat
Percentile par nombre de réponses
Votre historique - résultats
Vous n’avez pas pris ce quiz